000 00210nam a22001097a 4500
999 _c533611
_d533611
040 _cdlc
082 _a823.914
100 _aHilary Mantel
_927568
245 _aWolf Hall
300 _a653p
942 _2ddc
_cBK